| 000 | 01406nam a22002417a 4500 | ||
|---|---|---|---|
| 999 |
_c59462 _d59462 |
||
| 003 | Ge_BSU | ||
| 005 | 20230224120022.0 | ||
| 008 | 230224s2000 ge ||||| |||| 00| 0 geo d | ||
| 020 | _a9992870184 | ||
| 041 | _ageo | ||
| 080 | _a340.130.53 : 342.537 რ-72 | ||
| 245 |
_aროგორ იქმნება კანონი = Legislative Drafting / _cპაატა ცნობილაძე, გიორგი ხუბუა, ვახტანგ ხმალაძე [და სხვ.] ; რედაქტორები: ირაკლი ჩიქოვანი, ოთარ კაპანაძე ; მხატვარი ვახტანგ რურუა. |
||
| 264 |
_aთბილისი : _bაზრი, _c 2000. |
||
| 300 |
_a416 გვ. ; _b20 სმ. |
||
| 504 | _a ბიბლიოგრაფია: გვ. 403-411. | ||
| 653 | _aკანონშემოქმედება | ||
| 700 |
_aცნობილაძე, პაატა _eავტორი _98149 |
||
| 700 |
_aხუბუა, გიორგი _eავტორი _917025 |
||
| 700 |
_aხმალაძე, ვახტანგ და სხვ. _eავტორი _917026 |
||
| 700 |
_aჩიქოვანი, ირაკლი _eრედაქტორი _917027 |
||
| 700 |
_aკაპანაძე, ოთარ _eრედაქტორი _917028 |
||
| 942 |
_2udc _cBK |
||